| 000 | 02617cam a2200529 i 4500 | ||
|---|---|---|---|
| 001 | 2612 | ||
| 003 | FISKH | ||
| 005 | 20250307111546.0 | ||
| 008 | 211206t20201976nyu 000 1 eng d | ||
| 010 | _a 2020455442 | ||
| 020 |
_a9780593201749 _q(paperback) |
||
| 020 | _a0593201744 | ||
| 040 |
_aYDX _beng _cYDX _erda _dBDX _dZJF _dOCLCO _dOCLCF _dIUI _dZGR _dZQP _dOCL _dOCLCO _dVP@ _dILC _dVMI _dB@L _dFCX _dDLC _dFISKH |
||
| 050 | 0 | 0 |
_aPS3558.E63 _bC49 2020 |
| 082 | 0 | 4 |
_a813.54 _223 |
| 100 | 1 | _aHerbert, Frank | |
| 245 | 1 | 0 |
_aChildren of Dune / _cFrank Herbert |
| 250 | _a1987 | ||
| 260 |
_aNew York : _bACE, _c1976 |
||
| 300 |
_a408 pages : _c18 cm |
||
| 336 |
_atext _btxt _2rdacontent |
||
| 337 |
_aunmediated _bn _2rdamedia |
||
| 338 |
_avolume _bnc _2rdacarrier |
||
| 490 | 1 |
_aThe Dune chronicles ; _vbook 3 |
|
| 520 | _aThe Children of Dune are twin siblings Leto and Ghanima Atreides, whose father, the Emperor Paul Muad'Dib, disappeared into the desert wastelands of Arrakis nine years ago. Like their father, the twins possess supernormal abilities -- making them valuable to their manipulative aunt Alia, who rules the Empire in the name of the House Atreides. Facing treason and rebellion on two fronts, Alia's rule is not absolute. The displaced house Corrino is plotting to regain the throne while the fanatical Fremen are being provoked into open revolt by the enigmatic figure known only as The Preacher. Alia believes that by obtaining the secrets of the twins prophetic visions, she can maintain control over her dynasty. But Leto and Ghanima have their own plans for their visions -- and their destinies ... -- Provided by publisher. | ||
| 650 | 0 |
_aDune (Imaginary place) _vFiction. |
|
| 650 | 0 |
_aTwins _vFiction. |
|
| 650 | 0 |
_aMissing persons _vFiction. |
|
| 650 | 0 |
_aProphecy _vFiction. |
|
| 650 | 0 |
_aPrecognition _vFiction. |
|
| 650 | 0 | _aScience fiction. | |
| 650 | 0 |
_aLife on other planets _vFiction. |
|
| 650 | 0 |
_aImaginary wars and battles _vFiction. |
|
| 650 | 7 |
_aTwins. _2fast _0(OCoLC)fst01159851 |
|
| 650 | 7 |
_aProphecy. _2fast _0(OCoLC)fst01079199 |
|
| 650 | 7 |
_aPrecognition. _2fast _0(OCoLC)fst01074981 |
|
| 650 | 7 |
_aMissing persons. _2fast _0(OCoLC)fst01023702 |
|
| 650 | 7 |
_aDune (Imaginary place) _2fast _0(OCoLC)fst00899474 |
|
| 650 | 7 |
_aScience fiction. _2fast _0(OCoLC)fst01108566 |
|
| 655 | 7 |
_aScience fiction. _2fast _0(OCoLC)fst01726489 |
|
| 655 | 7 |
_aFiction. _2fast _0(OCoLC)fst01423787 |
|
| 655 | 7 |
_aScience fiction. _2gsafd |
|
| 655 | 7 |
_aScience fiction. _2lcgft |
|
| 655 | 7 |
_aNovels. _2lcgft |
|
| 906 |
_a7 _bcbc _ccopycat _d2 _encip _f20 _gy-gencatlg |
||
| 942 |
_2ddc _cBK _n0 |
||
| 999 |
_c2612 _d2612 |
||